[Event "Arco op 45th"]
[Site "Arco"]
[Date "2023.10.15"]
[Round "9"]
[White "Wegelin, Reinhard"]
[Black "Gardin, Devis"]
[Result "0-1"]
[WhiteElo "1773"]
[BlackElo "1186"]
[PlyCount "42"]
[EventDate "2023.10.07"]
[EventType "swiss"]
[EventRounds "9"]
[EventCountry "ITA"]
[SourceTitle "CBM 216 Extra"]
[Source "ChessBase"]
[SourceDate "2023.11.30"]
[SourceVersion "1"]
[SourceVersionDate "2023.11.30"]
[SourceQuality "1"]

1. d4 Nf6 2. Nc3 d5 3. e4 dxe4 4. f3 Bf5 5. fxe4 Nxe4 6. Qf3 Nxc3 7. bxc3 e6 8. Qxb7 Nd7 9. Bb5 Rb8 10. Bxd7+ Kxd7 11. Qf3 Qh4+ 12. Kf1 Qe4 13. Qf2 Qxc2 14. Ne2 Be7 15. Qe3 Qd1+ 16. Kf2 Qxh1 17. d5 Bh4+ 18. Ng3 exd5 19. Qe5 Bxg3+ 20. hxg3 Be4 21. Qd4 Qxg2+ 0-1

[Event "Arco op 45th"]
[Site "Arco"]
[Date "2023.10.12"]
[Round "6"]
[White "Hansen, Anders1"]
[Black "Gardin, Devis"]
[Result "1-0"]
[WhiteElo "1473"]
[BlackElo "1186"]
[PlyCount "89"]
[EventDate "2023.10.07"]
[EventType "swiss"]
[EventRounds "9"]
[EventCountry "ITA"]
[SourceTitle "CBM 216 Extra"]
[Source "ChessBase"]
[SourceDate "2023.11.30"]
[SourceVersion "1"]
[SourceVersionDate "2023.11.30"]
[SourceQuality "1"]

1. b3 e5 2. Bb2 Nc6 3. e3 d5 4. Bb5 Bd6 5. f4 f6 6. Nh3 h5 7. fxe5 Bxe5 8. Bxe5 fxe5 9. Nf2 Bd7 10. Nc3 d4 11. Nce4 a6 12. Be2 g6 13. 0-0 Qe7 14. a3 0-0-0 15. Qc1 Bf5 16. Bd3 h4 17. h3 Nh6 18. b4 g5 19. Nc5 Bxd3 20. cxd3 g4 21. hxg4 Rdg8 22. Qc4 Nxg4 23. Nxg4 Rxg4 24. Rf7 b5 25. Qd5 Qd6 26. Qe6+ Qxe6 27. Nxe6 Nd8 28. Rxc7+ Kb8 29. Rg7 Rxg7 30. Nxg7 Rg8 31. Nf5 h3 32. g3 Rg5 33. e4 Ne6 34. Kh2 Rh5 35. g4 Rh7 36. Rf1 Nf4 37. Rf3 Rc7 38. Nxd4 exd4 39. Rxf4 Rc2 40. Rf2 Ra2 41. g5 Rxa3 42. g6 a5 43. g7 axb4 44. g8Q+ Ka7 45. Rf6 1-0